احياء الأرض الموات فى النظرية و فى التطبيق : دراسة اقتصادية فقهية مقاة
Saved in:
| 主要作者: | |
|---|---|
| 其他作者: | |
| 格式: | Thesis |
| 语言: | Arabic |
| 出版: |
اربد، الأردن
: جامعة اليرموك، كلية الشريعة والدراسات الاسلامية،
1991
|
| 主题: | |
| 标签: |
添加标签
没有标签, 成为第一个标记此记录!
|
| LEADER | 013600000a22002890004500 | ||
|---|---|---|---|
| 001 | 80073 | ||
| 005 | 20060504093000.0 | ||
| 008 | 940226s1991 ara | ||
| 035 | |a 301179 | ||
| 035 | |a (Sirsi) 80073 | ||
| 040 | |a UIAM |b eng | ||
| 049 | |b m | ||
| 050 | |a BP158.4.F521 | ||
| 100 | 1 | |a مصطفى، أحمد صبحى | |
| 242 | 1 | 0 | |a Ihya' al-ard al-mawat fi al-nazariyah wa-fi al-tatbiq :dirasah iqtisadiyah fiqhiyah muqaranah / |c i'dad Ahmad Subhi Mustafa; lajnat al-munaqashah: Zakariya al-Qudah, Mahmud al-Sartawi, Muhammad al-Rawabidah |
| 245 | 1 | 0 | |a احياء الأرض الموات فى النظرية و فى التطبيق : |b دراسة اقتصادية فقهية مقاة |c أحمد صبحي مصطفى |
| 260 | 1 | |a اربد، الأردن |b : جامعة اليرموك، كلية الشريعة والدراسات الاسلامية، |c 1991 | |
| 300 | |a 163 p. | ||
| 502 | |a (M.A.)--Jami'at al-Yarmuk, Kulliyat al-Shari'ah wa-al-Dirasat al-Islamiyah, 1991 | ||
| 596 | |a 1 | ||
| 650 | 0 | |a Agricultural laws and legislation (Islamic law) | |
| 650 | 0 | |a Land tenure (Islamic law) | |
| 655 | 0 | 7 | |a Theses, non-IIUM |
| 700 | 1 | |a Mustafa, Ahmad Subhi | |
| 900 | |a khs-abu | ||
| 999 | |c 430408 |d 461899 | ||
| 952 | |0 0 |6 T BP 000158.4 F521M991I |7 0 |8 THESES |9 749662 |a IIUM |b IIUM |c MULTIMEDIA |g 0.00 |o t BP158.4F521M991I |p 00000301184 |r 2017-10-17 |t 1 |v 0.00 |y THESIS | ||
